000 00330nam a22001337a 4500
020 _a9788174357267
082 _a340.59 NYA
100 _aNayazee , Imran Ahsan Khan
245 _aTheories Of Islamic Law
260 _aNew Delhi
_bAdam Publishers & Distributors
_c2014
300 _a334 P
650 _aIslamic Law
942 _cBK
999 _c19812
_d19812